000 00679cab a2200229 4500
001 ABS53842
008 090401t1995 xxu||||| |||| 00| 0 eng d
035 _a(Sirsi) u6856
041 _aeng
100 _aTobin, P.
245 4 _aThe path to customer assurance
260 _c1995
350 _a0
490 _aValuer (ISVA)
_v64(9) November 1995, 23(1)
520 _aExamines how BS 5750 - relating to quality assurance - has been implemented by Strettons Chartered Surveyors.
650 _aQUALITY ASSURANCE
650 _aSTRETTONS
650 _aSURVEYING FIRMS
690 _aMANAGEMENT-BUSINESS MANAGEMENT-PROFESSIONAL PRACTICE
942 _n0
948 _c04/03/1997
999 _c4078
_d4078